000
00323nam a22001457a 4500
008
210309b ||||| |||| 00| 0 eng d
020
_a
0136662722
041
_a
eng
080
_2
second edition
_a
575
082
_2
575
100
_a
5
101
_a
BIO
245
_a
Physical Biochemistry
_c
Van Holde
942
_2
udc
_c
BK
999
_c
56027
_d
56027